Código de justicia militar con notas aclaratorias, formularios (Record no. 44749)

MARC details
000 -LEADER
campo de control de longitud fija 00617nam a2200169 i 4500
001 - NÚMERO DE CONTROL
campo de control 44749
003 - IDENTIFICADOR DE NÚMERO DE CONTROL
campo de control ES-MaACL
005 - FECHA Y HORA DE LA ÚLTIMA TRANSACCIÓN
campo de control 20230906161104.0
007 - CAMPO FIJO DE DESCRIPCIÓN FÍSICA--INFORMACIÓN GENERAL
campo de control de longitud fija t|
008 - DATOS DE LONGITUD FIJA--INFORMACIÓN GENERAL
campo de control de longitud fija 030324s1938 sp ||||1| spa d
245 00 - MENCIÓN DEL TÍTULO
Título Código de justicia militar con notas aclaratorias, formularios
Resto del título : . Código penal común, tablas para la aplicación de las penas y disposiciones complementarias /
Mención de responsabilidad, etc. por José Mª Dávila y Huguet.
250 ## - MENCION DE EDICION
Mención de edición 4ª ed.
260 ## - PUBLICACIÓN, DISTRIBUCIÓN, ETC.
Lugar de publicación, distribución, etc. Burgos :
Nombre del editor, distribuidor, etc. [s.n.],
Fecha de publicación, distribución, etc. 1938 (
Fabricante Aldecoa)
300 ## - DESCRIPCIÓN FÍSICA
Extensión 665 p. ;
Dimensiones 17 cm.
700 1# - ENTRADA AGREGADA--NOMBRE PERSONAL
Nombre de persona Dávila y Huguet, José María.
9 (RLIN) 42949
852 ## - LOCALIZACIÓN
Ubicación ES-MaACL
Número de control de estantería A-4890
Sublocalización o colección R.16825
Holdings
Estatus retirado Estado de pérdida Estado de daño No para préstamo Biblioteca de origen Biblioteca actual Ubicación en estantería Fecha de adquisición Fuente de adquisición Total de préstamos Signatura topográfica completa Código de barras Visto por última vez Precio de reemplazo Tipo de ítem Koha
        Biblioteca del Ateneo de Madrid Biblioteca del Ateneo de Madrid Sala Pecera Planta 1 17/01/2008     A-4890 1047096 23/02/2023 23/02/2023 Libro impreso